| 000 | 01017nam a2200253 a 4500 | ||
|---|---|---|---|
| 001 | BRCA_51 | ||
| 005 | 20190320202849.0 | ||
| 008 | 950309s2018----mx-a#####c---#000-0#spa-# | ||
| 020 | _a9786076055472 | ||
| 040 |
_aDLC _cDLC _dDLC |
||
| 041 | _aspa | ||
| 044 | _amx | ||
| 050 | 4 |
_aN910.M43 _b.E86 2018 |
|
| 245 | 1 | 0 |
_aEvocaciones. Museo Nacional de San Carlos _b50 aniversario _ccoordinación general Carmen Gaitán Rojo ; concepto y textos curatoriales Ana Garduño. |
| 260 |
_aMéxico _bMuseo Nacional de San Carlos _c2018 |
||
| 300 |
_a106 [29] p. _bil. (principalmente a color) _c25 cm. |
||
| 440 | 0 |
_aMuseos y galerías _9239 |
|
| 500 | _aIncluye catálogo de obra | ||
| 500 | _aIncluye piezas de la colección Franz Mayer mencionadas en el catálogo de obra, identificadas con los siguientes números: 115, 117, 118, 119, 121, 122 y 186 | ||
| 610 | 2 | 4 |
_aMuseo Nacional de San Carlos (Ciudad de México) _vExposiciones _9240 |
| 700 | 1 |
_aGaitán Rojo, Carmen _9241 |
|
| 700 | 1 |
_aGarduño, Ana _9242 |
|
| 942 |
_2lcc _cB |
||
| 999 |
_c51 _d51 |
||